上越線の駅 - Statistics

General Stats
  • This quiz has been taken 25 times
  • The average score is 27 of 37
Answer Stats
Answer % Correct
高崎
100%
水上
100%
土合
100%
越後湯沢
96%
六日町
96%
越後湯沢
96%
越後中里
92%
上越国際スキー場前
92%
ガーラ湯沢
92%
高崎問屋町
88%
新前橋
88%
小出
88%
渋川
83%
土樽
83%
宮内
83%
湯檜曽
79%
岩原スキー場前
79%
井野
75%
浦佐
75%
越後堀之内
75%
越後川口
75%
沼田
71%
群馬総社
67%
後閑
67%
塩沢
67%
上牧
63%
石打
63%
北堀之内
63%
五日町
58%
小千谷
58%
大沢
54%
八色
46%
八木原
42%
敷島
33%
越後滝谷
33%
津久田
29%
岩本
25%
No matching quizzes found
Score Distribution
Percent of People with Each Score
Percentile by Number Answered
Your Score History
You have not taken this quiz